| 000 | 00639nam a2200217Ia 4500 | ||
|---|---|---|---|
| 999 |
_c53045 _d53045 |
||
| 001 | 20082 | ||
| 003 | GE_BSU | ||
| 005 | 20250515163546.0 | ||
| 008 | 181216s1975||||ru |||||||||||||| ||rus|| | ||
| 040 | _cGE_BSU | ||
| 041 | _arus | ||
| 080 | _a1(038) Ф-56 | ||
| 245 |
_aФилософский словарь / _cПод ред. М. М. Розенталя. |
||
| 250 | _aИзд. 3-е | ||
| 264 |
_aМосква : _bИзд-во политич. литературы, _c1975. |
||
| 300 |
_a696 стр. _c21 см. |
||
| 541 | _h6 ლ. | ||
| 653 | _aФилософия | ||
| 653 | _aФилософский словарь | ||
| 942 |
_cBK _2udc |
||